INVOLUTED RESTRICTIVE BISEMIGROUPS OF BINARY RELATIONS

Bibliographic Details
Main Author: Schein, B. M. (Author)
Format: Article
Language:English

MARC

LEADER 00000nab a2200000uu 4500
001 vtls010892184
003 SK-MaSNL
005 20260304013300.0
008 230222|1969 xo |||||||||||||||||eng|
015 |a SNBRB 
035 |a (urnnbn)urn:nbn:sk:snk:ar-0066t1 
035 |a (uuid)c9190518-3cce-4dc3-8de7-6be584431227 
035 |a urn:nbn:sk:snk-ab8lsl 
040 |a SNKBUCL  |b slo  |c SNKBUCL  |e AACR2 
041 0 |a eng 
044 |a xo  |c SK 
100 1 |a Schein, B. M.  |4 aut  |9 1294069 
245 1 0 |a INVOLUTED RESTRICTIVE BISEMIGROUPS OF BINARY RELATIONS  |c B. M. Schein 
773 0 |t Matematický časopis  |g Roč. 19, č. 4 (1969), s. 307-315 
958 |a OND 
958 |a EUIPO 
958 |a article10 
999 |c 2575169  |d 2577099